书目信息 |
| 题名: |
|
|
| 作者: | ||
| 分册: | ||
| 出版信息: |
|
|
| 页数: | ||
| 开本: | ||
| 丛书名: | ||
| 单 册: | ||
| 中图分类: | Zhe Ren Bia | |
| 科图分类: | ||
| 主题词: | (Ri)Yu Ye | |
| 电子资源: | ||
| ISBN: | ||
| 000 | 00615nam0 2200217 45 | |
| 001 | 0504250971 | |
| 005 | 20050425152135.8 | |
| 010 | @b精装 | |
| 100 | @dCNY | |
| 101 | @a2005 | |
| 105 | @0425d1982 km y0 | |
| 200 | @chiy0120 ea | |
| 205 | @a z | |
| 210 | @000yy | |
| 215 | 修实 | @AXin |
| 517 | Xi | @f(日)宇野哲 |
| 606 | 人编 | @F(Ri)Yu Ye |
| 690 | @a Zhe Ren Bia | |
| 701 | n | @e日英并用@ERi Y |
| 801 | @ing Bing Yong | |
| 905 | @a3版 | |
| hiy0120 ea.- z |
| ISBN (精装): |
| ● |
| 相关链接 |
|
|
|
|
正题名:新修实用辞典
索取号:H366/12=3
 
预约/预借
| 序号 | 登录号 | 条形码 | 馆藏地/架位号 | 状态 | 备注 |
| 1 | 0183874 | 001305901 | 第二样本阅览室/ [索取号:H366/12=3] | 在馆 |